[Event "XIII Festival A"]
[Site "Verona ITA"]
[Date "2007.01.05"]
[Round "4"]
[White "Capitelli, Paolo"]
[Black "Stella, Andrea"]
[Result "1/2-1/2"]
[WhiteElo "2155"]
[BlackElo "2084"]
[PlyCount "56"]
[EventDate "2007.01.03"]

1. e4 c5 2. Nf3 d6 3. d4 cxd4 4. Nxd4 Nf6 5. Nc3 a6 6. Be2 e6 7. O-O Nbd7 8. f4
Qc7 9. Bf3 Be7 10. a4 O-O 11. a5 Re8 12. Nb3 Bf8 13. Be3 Nc5 14. Nxc5 dxc5 15.
Qe2 Nd7 16. Kh1 Nb8 17. Na4 Qxa5 18. b4 Qc7 19. Nxc5 Nd7 20. Nd3 b6 21. e5 Bb7
22. Bxb7 Qxb7 23. c4 Rec8 24. Rfc1 a5 25. bxa5 Rxa5 26. Rab1 Nc5 27. Bxc5 Bxc5
28. Qd2 Qe4 1/2-1/2

[Event "XIII Festival A"]
[Site "Verona ITA"]
[Date "2007.01.05"]
[Round "4"]
[White "Guanciale, Orazio"]
[Black "Massa, Giovanni"]
[Result "0-1"]
[WhiteElo "2157"]
[BlackElo "2109"]
[PlyCount "56"]
[EventDate "2007.01.03"]

1. e4 c5 2. Nc3 e6 3. f4 d5 4. Nf3 Nc6 5. Bb5 Nge7 6. exd5 exd5 7. Qe2 Qd6 8.
Ne5 Bd7 9. Nxd7 Qxd7 10. O-O O-O-O 11. f5 Nxf5 12. Bxc6 bxc6 13. Qa6+ Kb8 14.
a3 Bd6 15. b4 c4 16. b5 Qe6 17. bxc6 Bc5+ 18. d4 Bxd4+ 19. Kh1 Qc8 20. Rb1+ Ka8
21. Rb7 Nd6 22. Rfxf7 Nxf7 23. Nb5 Rd7 24. Nxa7 Qxb7 25. cxb7+ Rxb7 26. Nc6+
Ba7 27. Be3 Rb1+ 28. Bg1 Rxg1# 0-1

[Event "XIII Festival A"]
[Site "Verona ITA"]
[Date "2007.01.05"]
[Round "4"]
[White "Jurkovic, Ante"]
[Black "Valsecchi, Alessio"]
[Result "1-0"]
[WhiteElo "2348"]
[BlackElo "2096"]
[PlyCount "73"]
[EventDate "2007.01.03"]

1. e4 c5 2. Nf3 d6 3. d4 cxd4 4. Nxd4 Nf6 5. Nc3 g6 6. Be3 Bg7 7. f3 O-O 8. Qd2
Nc6 9. Bc4 Bd7 10. O-O-O Ne5 11. Bb3 Qa5 12. Kb1 Rfc8 13. Bg5 Nc4 14. Bxc4 Rxc4
15. Nb3 Qe5 16. Rhe1 Bc6 17. f4 Qe6 18. f5 Qc8 19. Qd3 b5 20. Na5 Rc5 21. Nxc6
Qxc6 22. Nd5 Re8 23. g4 Qd7 24. Bxf6 Bxf6 25. e5 Bh4 26. e6 fxe6 27. Rxe6 Rf8
28. c3 a5 29. Rd2 b4 30. c4 a4 31. Rde2 b3 32. axb3 axb3 33. Qxb3 gxf5 34. gxf5
Rxf5 35. Qh3 Qa4 36. b3 Qa3 37. Ra2 1-0

[Event "XIII Festival A"]
[Site "Verona ITA"]
[Date "2007.01.05"]
[Round "4"]
[White "Miatello, Alberto"]
[Black "Cazzaniga, Walter"]
[Result "1-0"]
[WhiteElo "2057"]
[BlackElo "2157"]
[PlyCount "69"]
[EventDate "2007.01.03"]

1. e4 e6 2. d4 d5 3. e5 c5 4. c3 Nc6 5. Nf3 Qb6 6. a3 c4 7. Nbd2 Bd7 8. b3 cxb3
9. Nxb3 a5 10. a4 f6 11. Bd3 O-O-O 12. O-O fxe5 13. dxe5 Nh6 14. Be3 Qc7 15.
Bd4 Nf7 16. Qe2 g5 17. Qe3 Nxd4 18. cxd4 g4 19. Nfd2 Kb8 20. Rfc1 Qb6 21. Rab1
Bb4 22. Nc5 h5 23. Ndb3 Bc8 24. Rb2 Nh6 25. Rcb1 Qa7 26. Ba6 Nf5 27. Qd3 b6 28.
Bxc8 bxc5 29. Bxe6 Nxd4 30. Nxd4 cxd4 31. Qb5+ Qb7 32. Qxa5 Bxa5 33. Rxb7+ Ka8
34. R7b5 Bc3 35. Bxd5+ 1-0

[Event "XIII Festival A"]
[Site "Verona ITA"]
[Date "2007.01.05"]
[Round "4"]
[White "Pomaro, Alberto"]
[Black "Sbarra, Marco"]
[Result "1/2-1/2"]
[WhiteElo "2054"]
[BlackElo "2290"]
[PlyCount "56"]
[EventDate "2007.01.03"]

1. d4 d5 2. c4 e6 3. cxd5 exd5 4. Nc3 c5 5. Nf3 Nc6 6. g3 Nf6 7. Bg2 Be7 8. O-O
O-O 9. Bg5 Be6 10. Rc1 Ne4 11. Bxe7 Qxe7 12. dxc5 Rfd8 13. e3 Nxc5 14. Nd4 Rac8
15. Qd2 h6 16. Nxc6 bxc6 17. b4 Ne4 18. Qd4 Nf6 19. Na4 Bg4 20. Nc5 Qc7 21. Rc3
Be2 22. Re1 Bc4 23. a3 a5 24. bxa5 Ra8 25. a6 Bxa6 26. Nxa6 Rxa6 27. Bf1 Ra5
28. Rec1 Qa7 1/2-1/2

[Event "XIII Festival A"]
[Site "Verona ITA"]
[Date "2007.01.05"]
[Round "4"]
[White "Ricci, Alfredo"]
[Black "Vezzosi, Paolo"]
[Result "0-1"]
[WhiteElo "2059"]
[BlackElo "2301"]
[PlyCount "78"]
[EventDate "2007.01.03"]

1. e4 c5 2. Nf3 e6 3. d4 cxd4 4. Nxd4 a6 5. Be2 Nf6 6. Bf3 Qc7 7. O-O Nc6 8. g3
Be7 9. Nc3 d6 10. Bg2 O-O 11. Nxc6 bxc6 12. b3 e5 13. h3 Bb7 14. Bb2 Rad8 15.
Re1 Rfe8 16. Qe2 Nd7 17. Na4 Nf8 18. Qe3 Ne6 19. h4 Bf6 20. Rad1 h6 21. c4 Nd4
22. Qc3 g5 23. hxg5 hxg5 24. c5 Kg7 25. Rc1 d5 26. Qb4 Nb5 27. exd5 cxd5 28.
Qg4 Bc8 29. Qf3 Re6 30. Nb6 e4 31. Bxf6+ Rxf6 32. Qe3 Qe5 33. Nxc8 Rxc8 34. a4
Nd4 35. b4 g4 36. Red1 Nf3+ 37. Bxf3 gxf3 38. Kf1 Rh8 39. Re1 Qb2 0-1

[Event "XIII Festival A"]
[Site "Verona ITA"]
[Date "2007.01.05"]
[Round "4"]
[White "Rombaldoni, Axel"]
[Black "Gromovs, Sergejs"]
[Result "0-1"]
[WhiteElo "2218"]
[BlackElo "2347"]
[PlyCount "43"]
[EventDate "2007.01.03"]

1. e4 e5 2. Nf3 Nc6 3. Bb5 Nf6 4. d3 d6 5. c3 Be7 6. Nbd2 O-O 7. O-O Bd7 8. Re1
Na5 9. Bxd7 Nxd7 10. Nf1 b5 11. a4 bxa4 12. Qxa4 Nb7 13. d4 a5 14. Ne3 Re8 15.
Qc6 Qc8 16. Nd5 Bd8 17. dxe5 dxe5 18. Bg5 Re6 19. Bxd8 Rxc6 20. Ne7+ Kf8 21.
Nxc8 Rxc8 22. Red1 0-1

[Event "XIII Festival A"]
[Site "Verona ITA"]
[Date "2007.01.05"]
[Round "4"]
[White "Sikula, Vaszilij"]
[Black "Dvirnyy, Danyyil"]
[Result "1-0"]
[WhiteElo "2515"]
[BlackElo "2351"]
[PlyCount "71"]
[EventDate "2007.01.03"]

1. e4 c5 2. Nf3 d6 3. d4 cxd4 4. Nxd4 Nf6 5. Nc3 g6 6. Be2 Bg7 7. O-O O-O 8.
Nb3 Nc6 9. Bg5 a5 10. a4 Be6 11. Kh1 Bxb3 12. cxb3 Nd7 13. Rb1 h6 14. Be3 Nc5
15. f3 Kh7 16. Rf2 Rc8 17. Bb5 Nb4 18. Rd2 Qc7 19. Bc4 b6 20. Rc1 Qb7 21. Qe2
Rcd8 22. Rcd1 Qb8 23. f4 e6 24. f5 Nxe4 25. Nxe4 d5 26. f6 Bh8 27. Bxh6 dxe4
28. Bxf8 Rxf8 29. Qxe4 Bxf6 30. Rf1 Qe5 31. Qxe5 Bxe5 32. Rd7 Kh6 33. Rfxf7 Re8
34. g3 Kg5 35. h4+ Kg4 36. Kg2 1-0

[Event "XIII Festival A"]
[Site "Verona ITA"]
[Date "2007.01.05"]
[Round "4"]
[White "Stojanovic, Mihajlo"]
[Black "Rahal, Michael A."]
[Result "1-0"]
[WhiteElo "2576"]
[BlackElo "2390"]
[PlyCount "69"]
[EventDate "2007.01.03"]

1. d4 e6 2. c4 b6 3. Nf3 Bb7 4. g3 Bb4+ 5. Bd2 Bxf3 6. exf3 Bxd2+ 7. Qxd2 d5 8.
Nc3 Ne7 9. O-O-O c6 10. f4 Nd7 11. cxd5 cxd5 12. Bd3 O-O 13. g4 Nc6 14. Qe3 b5
15. Bxb5 Na5 16. f5 Nb6 17. fxe6 fxe6 18. Rhe1 Kh8 19. Re2 Qd6 20. Qxe6 Qxh2
21. Kb1 Rad8 22. Bd3 Qh4 23. Re5 Qf6 24. Rh1 h6 25. g5 Qxe6 26. Rxe6 Rxf2 27.
gxh6 g5 28. Rhe1 Rdf8 29. Re7 Nc6 30. Rh7+ Kg8 31. Rg7+ Kh8 32. Rg1 R2f7 33.
R7xg5 Nxd4 34. h7 Nf5 35. Rxf5 1-0

[Event "XIII Festival A"]
[Site "Verona ITA"]
[Date "2007.01.05"]
[Round "4"]
[White "Tramalloni, Luca"]
[Black "Teodonio, Fabrizio"]
[Result "1/2-1/2"]
[WhiteElo "2127"]
[BlackElo "2064"]
[PlyCount "76"]
[EventDate "2007.01.03"]

1. d4 Nf6 2. c4 g6 3. Nc3 d5 4. cxd5 Nxd5 5. Bd2 Bg7 6. e4 Nxc3 7. Bxc3 Nd7 8.
Nf3 Nf6 9. Bd3 O-O 10. O-O Nh5 11. Qd2 Nf6 12. Rad1 Bg4 13. Qe3 c6 14. Be2 Qb6
15. h3 Be6 16. b3 Rfd8 17. Ng5 Bc8 18. f4 h6 19. Nf3 Nh5 20. Ne5 Nf6 21. Bc4 e6
22. Kh1 Nd7 23. Nf3 Nf6 24. Qe1 Qc7 25. Qe3 Re8 26. Rd2 b5 27. Bd3 Qb6 28. Bb2
Kh8 29. Rc1 Kg8 30. Rdc2 Bb7 31. Ne5 Rac8 32. Qg3 Red8 33. Nxf7 Kxf7 34. e5 Nd5
35. Qxg6+ Kf8 36. Rf2 Ne7 37. Qxe6 c5 38. Qg4 38... cxd4 {...} 1/2-1/2

[Event "XIII Festival A"]
[Site "Verona ITA"]
[Date "2007.01.06"]
[Round "5"]
[White "Bozzali, Ermanno"]
[Black "Tramalloni, Luca"]
[Result "0-1"]
[WhiteElo "2062"]
[BlackElo "2127"]
[PlyCount "118"]
[EventDate "2007.01.03"]

1. e4 e6 2. d4 d5 3. Nc3 Bb4 4. e5 c5 5. Bd2 cxd4 6. Nb5 Bf8 7. f4 Nc6 8. Nf3
a6 9. Nbxd4 Nge7 10. c3 Ng6 11. Bd3 Be7 12. O-O O-O 13. Qc2 Bd7 14. Rae1 Qc7
15. g4 Nxd4 16. Nxd4 Bc5 17. Be3 Qd8 18. Bf2 Nxf4 19. Bxh7+ Kh8 20. Bg3 Nh3+
21. Kg2 Ng5 22. Bd3 Bxd4 23. cxd4 Ne4 24. Re3 Qb6 25. Bf2 Bb5 26. Bxb5 Qxb5 27.
Rc1 Qd7 28. Qc7 Qxc7 29. Rxc7 b5 30. Be1 Rfc8 31. Rxc8+ Rxc8 32. Bc3 Rc4 33. a3
Ra4 34. Bb4 a5 35. b3 Rxb4 36. axb4 axb4 37. Kf1 g5 38. Rd3 Kg7 39. Kg2 Kg6 40.
Rd1 Nc3 41. Rd2 Kg7 42. h4 Ne4 43. Ra2 gxh4 44. Ra5 Nd2 45. Rxb5 Nxb3 46. Rxb4
Nd2 47. Rb2 Ne4 48. Rb7 Ng5 49. Rb3 Kg6 50. Rb4 Kh6 51. Rb8 Kg7 52. Rb1 Kg6 53.
Rh1 h3+ 54. Kg3 Ne4+ 55. Kh4 Ng5 56. Rf1 h2 57. Kg3 Ne4+ 58. Kxh2 Nd2 59. Kg3
Nxf1+ 0-1

[Event "XIII Festival A"]
[Site "Verona ITA"]
[Date "2007.01.06"]
[Round "5"]
[White "Brigati, Alessandro"]
[Black "Cardili, Mariano"]
[Result "1-0"]
[WhiteElo "2111"]
[BlackElo "2091"]
[PlyCount "67"]
[EventDate "2007.01.03"]

1. Nf3 d5 2. d4 Nf6 3. g3 e6 4. Bg2 c6 5. O-O Be7 6. b3 O-O 7. Bb2 Nbd7 8. c4
b6 9. Nbd2 Bb7 10. Re1 Rc8 11. e4 a5 12. e5 Ne8 13. Nf1 Nc7 14. Ne3 Ba6 15. Rc1
Bb4 16. Re2 Qe7 17. Rec2 Na8 18. Bf1 Bb7 19. Bd3 f5 20. cxd5 cxd5 21. Rxc8 Bxc8
22. Nc2 Qd8 23. Nxb4 axb4 24. a3 Nb8 25. axb4 f4 26. g4 Nc7 27. Qc2 Nca6 28.
Bxh7+ Kh8 29. Ba3 Qe7 30. Bd3 Bd7 31. Qe2 b5 32. Bxb5 Bxb5 33. Qxb5 Qa7 34. Qa5
1-0

[Event "XIII Festival A"]
[Site "Verona ITA"]
[Date "2007.01.06"]
[Round "5"]
[White "Dvirnyy, Danyyil"]
[Black "Miatello, Alberto"]
[Result "1-0"]
[WhiteElo "2351"]
[BlackElo "2057"]
[PlyCount "51"]
[EventDate "2007.01.03"]

1. e4 c5 2. b3 d5 3. exd5 Nf6 4. Bb5+ Nbd7 5. c4 a6 6. Bxd7+ Bxd7 7. Bb2 e6 8.
dxe6 Bxe6 9. Nf3 Qd7 10. O-O O-O-O 11. d4 cxd4 12. Qxd4 Qc7 13. Qc3 Bd6 14.
Nbd2 Ng4 15. h3 h5 16. Ne4 Be7 17. Rae1 Bf5 18. c5 Bf6 19. Nxf6 gxf6 20. hxg4
hxg4 21. Qxf6 Rh5 22. Re7 Bd7 23. Be5 Qxc5 24. Nh4 Rdh8 25. Bg3 R5h6 26. Qxf7
1-0

[Event "XIII Festival A"]
[Site "Verona ITA"]
[Date "2007.01.06"]
[Round "5"]
[White "Facchetti, Gianni"]
[Black "Guanciale, Orazio"]
[Result "1-0"]
[WhiteElo "2147"]
[BlackElo "2157"]
[PlyCount "107"]
[EventDate "2007.01.03"]

1. e4 e5 2. Nf3 f5 3. Nxe5 Qf6 4. d4 d6 5. Nc4 fxe4 6. Ne3 Qg6 7. Be2 Nf6 8. c4
Be7 9. Nc3 O-O 10. O-O c6 11. f4 exf3 12. Bxf3 Na6 13. b3 Bd7 14. Qc2 Qxc2 15.
Nxc2 Rae8 16. Ba3 Bf5 17. Ne3 Bg6 18. Rfe1 Nc7 19. Nf1 Kf7 20. Ne3 a5 21. Rad1
Na6 22. d5 c5 23. Nb5 Rc8 24. Be2 Nc7 25. Nc3 Rce8 26. Bd3 Bxd3 27. Rxd3 Bd8
28. Rf1 g6 29. Bc1 Kg7 30. Rf3 h5 31. h3 Nd7 32. Rxf8 Rxf8 33. Ne4 Ne5 34. Bb2
Bf6 35. Rd2 Ne8 36. Nxf6 Nxf6 37. Bxe5 dxe5 38. Nd1 Ne4 39. Rd3 h4 40. Nc3 Nxc3
41. Rxc3 Rf4 42. Re3 Kf6 43. Rf3 g5 44. Kf1 e4 45. Rf2 Ke5 46. Ke2 Kd6 47. Ke3
Ke5 48. Rd2 Kd6 49. Rd1 Rf8 50. Rd2 Rf4 51. Re2 b5 52. Rf2 bxc4 53. bxc4 Ke5
54. a4 1-0

[Event "XIII Festival A"]
[Site "Verona ITA"]
[Date "2007.01.06"]
[Round "5"]
[White "Faccia, Sergio"]
[Black "Cazzaniga, Walter"]
[Result "0-1"]
[WhiteElo "2050"]
[BlackElo "2157"]
[PlyCount "84"]
[EventDate "2007.01.03"]

1. e4 e6 2. c4 d5 3. cxd5 exd5 4. d4 dxe4 5. Bc4 Bd6 6. Nc3 Nf6 7. Bg5 h6 8.
Bh4 O-O 9. Nge2 Nc6 10. Bxf6 Qxf6 11. Nxe4 Bb4+ 12. N4c3 Bg4 13. O-O Rad8 14.
Qb3 Bd6 15. f3 Nxd4 16. Qxb7 Qh4 17. g3 Nxe2+ 18. Nxe2 Bc5+ 19. Kg2 Bxf3+ 20.
Qxf3 Qxc4 21. Rac1 Qb5 22. Rc2 Bb6 23. Nf4 Rfe8 24. b3 Qf5 25. Re2 Rxe2+ 26.
Qxe2 Qd7 27. Qf3 a5 28. a3 Qd2+ 29. Kh3 Qd6 30. a4 Qe7 31. Kg2 Qe3 32. Qg4 Rd2+
33. Kh3 Qxb3 34. Qc8+ Kh7 35. Qf5+ g6 36. Qg4 Rd6 37. Qe2 Qe3 38. Qg4 f5 39.
Qh4 c5 40. Kg2 Rd2+ 41. Kh3 Bd8 42. Ng2 Qe2 0-1

[Event "XIII Festival A"]
[Site "Verona ITA"]
[Date "2007.01.06"]
[Round "5"]
[White "Gromovs, Sergejs"]
[Black "Stojanovic, Mihajlo"]
[Result "0-1"]
[WhiteElo "2347"]
[BlackElo "2576"]
[PlyCount "46"]
[EventDate "2007.01.03"]

1. Nf3 d5 2. b3 Bg4 3. Bb2 Nd7 4. d3 Bxf3 5. gxf3 e5 6. Bh3 Ngf6 7. Rg1 g6 8.
Qd2 Bd6 9. Nc3 c6 10. O-O-O Qe7 11. Kb1 O-O-O 12. d4 Kb8 13. dxe5 Bxe5 14. f4
Ne4 15. Nxe4 Bxb2 16. Kxb2 Qxe4 17. Bxd7 Rxd7 18. e3 Re8 19. Qc3 d4 20. Qc4 Rd5
21. Rge1 Red8 22. Rd3 Qe7 23. Red1 b5 0-1

[Event "XIII Festival A"]
[Site "Verona ITA"]
[Date "2007.01.06"]
[Round "5"]
[White "La Manna, Francesco"]
[Black "Ortega, Lexy"]
[Result "0-1"]
[WhiteElo "2155"]
[BlackElo "2430"]
[PlyCount "56"]
[EventDate "2007.01.03"]

1. d4 Nf6 2. c4 e6 3. Nc3 Bb4 4. a3 Bxc3+ 5. bxc3 h6 6. f3 d6 7. e4 Nbd7 8. Bd3
b6 9. Ne2 c5 10. Be3 e5 11. d5 Nf8 12. Qd2 Ng6 13. Ng3 Nh4 14. Nf5 Nxf5 15.
exf5 Bd7 16. g4 Qe7 17. O-O-O a6 18. h4 b5 19. g5 Nh5 20. f4 e4 21. Bxc5 dxc5
22. Rde1 O-O-O 23. Bxe4 Qd6 24. cxb5 axb5 25. c4 Ng3 26. cxb5 Rhe8 27. Qa5 Rxe4
28. b6 Ra4 0-1

[Event "XIII Festival A"]
[Site "Verona ITA"]
[Date "2007.01.06"]
[Round "5"]
[White "Loi, Andrea"]
[Black "Capitelli, Paolo"]
[Result "0-1"]
[WhiteElo "2042"]
[BlackElo "2155"]
[PlyCount "54"]
[EventDate "2007.01.03"]

1. d4 Nf6 2. c4 g6 3. Nc3 Bg7 4. e4 d6 5. f3 O-O 6. Be3 e5 7. Nge2 c6 8. Qd2
Nbd7 9. O-O-O Qa5 10. Kb1 Re8 11. g4 h5 12. gxh5 Nxh5 13. Ng3 Ndf6 14. Qf2 Be6
15. d5 cxd5 16. cxd5 Bd7 17. Bd3 Nf4 18. h4 N6h5 19. Nxh5 Nxh5 20. Ne2 Bb5 21.
Ng3 Nf4 22. Bxb5 Qxb5 23. h5 Rec8 24. hxg6 fxg6 25. Rh4 Rc7 26. Qh2 Rac8 27.
Rh1 Rc2 0-1

[Event "XIII Festival A"]
[Site "Verona ITA"]
[Date "2007.01.06"]
[Round "5"]
[White "Luciani, Carlo"]
[Black "Borsos, Bogdan"]
[Result "0-1"]
[WhiteElo "2262"]
[BlackElo "2293"]
[PlyCount "76"]
[EventDate "2007.01.03"]

1. e4 e5 2. Nf3 Nc6 3. Bc4 Nf6 4. d3 Be7 5. O-O O-O 6. Re1 d6 7. a4 a5 8. h3
Nd7 9. c3 Kh8 10. d4 Nb6 11. Bb5 exd4 12. cxd4 Nb4 13. Bd2 c6 14. Bf1 d5 15. e5
Nc4 16. Bc3 Bf5 17. b3 Bc2 18. Qc1 Bxb3 19. Nbd2 Na2 20. Qb1 Nxc3 21. Qxb3 Nxd2
22. Nxd2 Bb4 23. Re3 Nxa4 24. Rxa4 Bxd2 25. Rd3 Bb4 26. f4 f6 27. Be2 fxe5 28.
fxe5 Qh4 29. Bf3 Qe1+ 30. Kh2 Bd2 31. Rxd2 Qxd2 32. Qxb7 Rab8 33. Qc7 Qf4+ 34.
Kg1 Rb1+ 35. Kf2 Rb2+ 36. Kg1 Qe3+ 37. Kh1 Rb1+ 38. Kh2 Qf4+ 0-1

[Event "XIII Festival A"]
[Site "Verona ITA"]
[Date "2007.01.06"]
[Round "5"]
[White "Massa, Giovanni"]
[Black "Bertani, Gianfranco"]
[Result "1/2-1/2"]
[WhiteElo "2109"]
[BlackElo "2132"]
[PlyCount "154"]
[EventDate "2007.01.03"]

1. e4 c5 2. Nf3 d6 3. d4 cxd4 4. Nxd4 Nf6 5. Nc3 g6 6. Be3 Bg7 7. f3 O-O 8. Qd2
Nc6 9. Bc4 Bd7 10. O-O-O Rc8 11. Bb3 Na5 12. h4 Nxb3+ 13. Nxb3 b5 14. Bd4 a5
15. Nd5 a4 16. Na5 Nxd5 17. Bxg7 Kxg7 18. exd5 Bf5 19. Nc6 Qc7 20. h5 gxh5 21.
Rxh5 Bg6 22. Qh6+ Kg8 23. Rdh1 f6 24. R5h4 e6 25. dxe6 Bxc2 26. Rg4+ Kh8 27.
Kd2 Bf5 28. e7 Rf7 29. Qh5 Be6 30. Re4 Qxc6 31. Rxe6 Qe8 32. Rhe1 Rg7 33. Qxe8+
Rxe8 34. g4 f5 35. gxf5 Rg2+ 36. R1e2 Rg5 37. Rxd6 Kg8 38. Rd8 Kf7 39. f6 Rf5
40. Rh2 h5 41. Rd6 b4 42. Rb6 a3 43. b3 Rxf3 44. Rxb4 Rxf6 45. Rbh4 Kxe7 46.
Rxh5 Ref8 47. Re5+ Kd6 48. Ree2 Rc8 49. Rh3 Rc5 50. Rd3+ Kc6 51. Rc3 Rxc3 52.
Kxc3 Rf4 53. Re8 Rf2 54. Kb4 Rxa2 55. Ra8 Kb6 56. Rxa3 Rh2 57. Ra8 Rh4+ 58. Ka3
Kb5 59. Rb8+ Ka6 60. b4 Ka7 61. Rg8 Kb6 62. Rg6+ Kb5 63. Rg5+ Kb6 64. Ka4 Rh6
65. Rg8 Kb7 66. Ka5 Ra6+ 67. Kb5 Rb6+ 68. Kc4 Rc6+ 69. Kd5 Rc1 70. Rg6 Rc7 71.
Rg4 Kb6 72. Rc4 Rd7+ 73. Ke6 Rd3 74. Ke5 Kb5 75. Re4 Rb3 76. Kd5 Rxb4 77. Rxb4+
Kxb4 1/2-1/2

[Event "XIII Festival A"]
[Site "Verona ITA"]
[Date "2007.01.06"]
[Round "5"]
[White "Radice, Luca"]
[Black "Barlocco, Carlo"]
[Result "0-1"]
[WhiteElo "2076"]
[BlackElo "2183"]
[PlyCount "78"]
[EventDate "2007.01.03"]

1. d4 Nc6 2. e4 d6 3. Nf3 Nf6 4. Nc3 Bg4 5. Bb5 a6 6. Bxc6+ bxc6 7. h3 Bh5 8.
Qe2 e6 9. Bg5 Be7 10. g4 Bg6 11. O-O-O Nxe4 12. Nxe4 Bxe4 13. Bxe7 Bxf3 14.
Qxf3 Kxe7 15. Qxc6 Qd7 16. Qe4 Rab8 17. Rd3 h5 18. g5 Qb5 19. Rb3 Qxg5+ 20. f4
Qd5 21. Qe1 Rxb3 22. axb3 Qxd4 23. Qa5 Kd7 24. Rf1 Qe3+ 25. Kb1 Qxh3 26. Qxa6
Qf5 27. Qa4+ Ke7 28. Qc6 Qa5 29. b4 Qa6 30. Rf3 g6 31. Ra3 Qb6 32. Qc4 h4 33.
Ra6 Qb7 34. Rc6 Kd7 35. b5 Rh5 36. f5 h3 37. fxe6+ fxe6 38. Qc3 Rh7 39. Qd3 h2
0-1

[Event "XIII Festival A"]
[Site "Verona ITA"]
[Date "2007.01.06"]
[Round "5"]
[White "Teodonio, Fabrizio"]
[Black "Ricci, Alfredo"]
[Result "0-1"]
[WhiteElo "2064"]
[BlackElo "2059"]
[PlyCount "142"]
[EventDate "2007.01.03"]

1. d4 Nf6 2. c4 g6 3. Nc3 d5 4. Bg5 c6 5. Nf3 Ne4 6. Bh4 Bg7 7. e3 Qb6 8. Qb3
Qxb3 9. axb3 e6 10. Nd2 Nd6 11. Bg3 Ke7 12. c5 Nf5 13. Bxb8 Rxb8 14. Rxa7 e5
15. dxe5 Bxe5 16. Nf3 Bf6 17. g4 Nh4 18. Nxh4 Bxh4 19. Be2 Kd8 20. Nd1 Kc7 21.
O-O h5 22. f3 hxg4 23. fxg4 f5 24. Bd3 Be6 25. b4 Be7 26. Nc3 Rh3 27. Ne2 Rxe3
28. Nf4 Bf7 29. gxf5 g5 30. Ng6 Bxg6 31. fxg6 Rxd3 32. Rf7 Re3 33. Ra1 Rg8 34.
g7 Kd7 35. Ra7 Ke6 36. Rf1 Rxg7 37. Rxb7 Bf6 38. Rb6 Rc7 39. b5 Bd4 40. b4 Rb3+
41. Kg2 Rxb4 42. Re1+ Kf7 43. Rf1+ Ke7 44. Re1+ Kf7 45. Rf1+ Kg7 46. Rxc6 Rxc6
47. bxc6 Rb2+ 48. Kh3 Rc2 49. Rd1 Bxc5 50. Rxd5 Be7 51. Rd7 Kf6 52. c7 Ke6 53.
Rd8 Rxc7 54. Rd2 Kf5 55. Rf2+ Kg6 56. Rd2 Rc4 57. Kg3 Bf6 58. h3 Be5+ 59. Kg2
Rc3 60. Re2 Rg3+ 61. Kh2 Bf4 62. Kh1 Rxh3+ 63. Kg2 Rh2+ 64. Kf1 Rxe2 65. Kxe2
Kf5 66. Kf2 Kg4 67. Kg2 Bd6 68. Kh1 Kf3 69. Kg1 g4 70. Kh1 g3 71. Kg1 Bc5+ 0-1

[Event "XIII Festival A"]
[Site "Verona ITA"]
[Date "2007.01.06"]
[Round "5"]
[White "Valsecchi, Alessio"]
[Black "Alberton, Roberto"]
[Result "1/2-1/2"]
[WhiteElo "2096"]
[BlackElo "2138"]
[PlyCount "43"]
[EventDate "2007.01.03"]

1. e4 g6 2. d4 Bg7 3. Be3 c5 4. Nc3 Qa5 5. Nf3 Nf6 6. Qd2 Ng4 7. Nd5 Qd8 8. c3
Nxe3 9. Nxe3 cxd4 10. Nxd4 O-O 11. Be2 Nc6 12. O-O d6 13. Rad1 Bd7 14. Kh1 Nxd4
15. cxd4 Bc6 16. f3 Rc8 17. Rc1 Qb6 18. Rfd1 Bh6 19. Nc4 Bxd2 20. Nxb6 Bxc1 21.
Nxc8 Rxc8 22. Rxc1 1/2-1/2

[Event "XIII Festival A"]
[Site "Verona ITA"]
[Date "2007.01.06"]
[Round "5"]
[White "Vezzosi, Paolo"]
[Black "Pomaro, Alberto"]
[Result "0-1"]
[WhiteElo "2301"]
[BlackElo "2054"]
[PlyCount "82"]
[EventDate "2007.01.03"]

1. e4 c6 2. d4 d5 3. e5 Bf5 4. Ne2 e6 5. Ng3 Bg6 6. h4 h6 7. Nc3 c5 8. h5 Bh7
9. Be3 Nc6 10. Bb5 cxd4 11. Bxd4 a6 12. Ba4 b5 13. Bb3 Nge7 14. f4 Nxd4 15.
Qxd4 Nc6 16. Qf2 Bb4 17. Nge2 d4 18. O-O-O Qb6 19. Ng3 Na5 20. Nce4 Nxb3+ 21.
axb3 Rd8 22. Rd3 O-O 23. Rhd1 Bc5 24. f5 Rd5 25. Nxc5 Qxc5 26. Ne4 Qc7 27. Rxd4
Rxe5 28. g4 exf5 29. Nc3 fxg4 30. b4 Rfe8 31. Rd7 Qc4 32. b3 Qe6 33. R1d6 Qf5
34. Qd2 g3 35. Nd5 Re1+ 36. Kb2 Qe5+ 37. Nc3 Qe3 38. Qxe3 R1xe3 39. Nd5 g2 40.
Nxe3 g1=Q 41. Re7 Kf8 0-1

[Event "XIII Festival A"]
[Site "Verona ITA"]
[Date "2007.01.06"]
[Round "6"]
[White "Alberton, Roberto"]
[Black "Faccia, Sergio"]
[Result "1-0"]
[WhiteElo "2138"]
[BlackElo "2050"]
[PlyCount "79"]
[EventDate "2007.01.03"]

1. Nf3 Nf6 2. d4 c5 3. c4 g6 4. Nc3 d6 5. e4 cxd4 6. Nxd4 Bg7 7. Be2 Nc6 8. Be3
O-O 9. O-O a6 10. f3 Qc7 11. Qd2 Nxd4 12. Bxd4 Be6 13. b3 Rac8 14. Rac1 Qa5 15.
Rfd1 Qh5 16. Be3 Rfe8 17. Bf1 Qa5 18. Rc2 Bd7 19. Rdc1 Qh5 20. Ne2 Bc6 21. Bg5
h6 22. Be3 g5 23. Ng3 Qg6 24. Bd3 e5 25. Nf5 Rcd8 26. g4 Nh7 27. Bb6 Rc8 28.
Kg2 Nf8 29. Kg3 Nd7 30. Be3 Rcd8 31. Rh1 Nc5 32. h4 f6 33. hxg5 hxg5 34. b4
Nxd3 35. Qxd3 Bf8 36. Rch2 Kf7 37. Rh7+ Kg8 38. Rh8+ Kf7 39. R1h7+ Ke6 40. Qd5+
1-0

[Event "XIII Festival A"]
[Site "Verona ITA"]
[Date "2007.01.06"]
[Round "6"]
[White "Barlocco, Carlo"]
[Black "Stella, Andrea"]
[Result "1/2-1/2"]
[WhiteElo "2183"]
[BlackElo "2084"]
[PlyCount "131"]
[EventDate "2007.01.03"]

1. Nc3 d5 2. d3 e5 3. Nf3 Nc6 4. g3 f6 5. Bg2 Be6 6. O-O Qd7 7. e4 Nge7 8. d4
dxe4 9. Nxe4 Bg4 10. dxe5 Qxd1 11. Rxd1 Nxe5 12. Ned2 N7c6 13. h3 Nxf3+ 14.
Nxf3 Bf5 15. Bf4 Bxc2 16. Rd2 Bg6 17. Bxc7 Bb4 18. Re2+ Kd7 19. Bf4 Rae8 20.
Rd1+ Kc8 21. Rxe8+ Rxe8 22. Be3 Be4 23. Nd4 Bxg2 24. Kxg2 Nxd4 25. Rxd4 Bf8 26.
Rh4 h6 27. Bxa7 Re2 28. Rc4+ Kd7 29. Bd4 Re4 30. Kf3 f5 31. a4 Ke6 32. b3 Kd5
33. Rc8 Rxd4 34. Rxf8 Rd3+ 35. Ke2 Rxb3 36. Rxf5+ Ke6 37. Rf4 Ra3 38. Rb4 g6
39. h4 h5 40. Kf1 Ra1+ 41. Kg2 Ra3 42. Kf1 Ra2 43. Rf4 Rb2 44. Kg2 b5 45. axb5
Rxb5 46. g4 hxg4 47. Kg3 g5 48. hxg5 Rxg5 49. Rxg4 Ra5 50. Rf4 Rg5+ 51. Kf3 Rg8
52. Ke4 Rg1 53. Rf8 Re1+ 54. Kf4 Rf1 55. f3 Ke7 56. Rf5 Ke6 57. Ra5 Kf6 58.
Ra6+ Kf7 59. Kg4 Rg1+ 60. Kf5 Rb1 61. Ra7+ Kf8 62. f4 Rb5+ 63. Kf6 Rb6+ 64. Kg5
Rb5+ 65. f5 Rb6 66. Rd7 1/2-1/2

[Event "XIII Festival A"]
[Site "Verona ITA"]
[Date "2007.01.06"]
[Round "6"]
[White "Bernardi, Ruben"]
[Black "Vezzosi, Paolo"]
[Result "0-1"]
[WhiteElo "2124"]
[BlackElo "2301"]
[PlyCount "68"]
[EventDate "2007.01.03"]

1. e4 c5 2. Nf3 Nc6 3. d4 cxd4 4. Nxd4 Nf6 5. Nc3 e5 6. Ndb5 d6 7. Bg5 a6 8.
Na3 b5 9. Nd5 Be7 10. Bxf6 Bxf6 11. c3 O-O 12. Nc2 Rb8 13. Be2 Bg5 14. Bg4 Be6
15. O-O a5 16. b3 g6 17. f4 exf4 18. Nxf4 Bxf4 19. Rxf4 Qg5 20. g3 Qc5+ 21. Nd4
b4 22. Kg2 Bxg4 23. Qxg4 Ne5 24. Qh4 Qxc3 25. Rd1 Nd3 26. Rf3 Ne1+ 27. Rxe1
Qxe1 28. Qf6 Qa1 29. Rf1 Qc3 30. Rf3 Qd2+ 31. Rf2 Qe3 32. Rf4 h5 33. g4 h4 34.
Rf3 34... Qxe4 {...} 0-1

[Event "XIII Festival A"]
[Site "Verona ITA"]
[Date "2007.01.06"]
[Round "6"]
[White "Bertani, Gianfranco"]
[Black "Tommasi, Daniele"]
[Result "1/2-1/2"]
[WhiteElo "2132"]
[BlackElo "2204"]
[PlyCount "25"]
[EventDate "2007.01.03"]

1. Nf3 Nf6 2. b3 g6 3. Bb2 Bg7 4. d4 O-O 5. e3 d5 6. Nbd2 Nbd7 7. Bd3 c5 8. c3
e5 9. dxe5 Ng4 10. e4 Ndxe5 11. Nxe5 Nxe5 12. Be2 dxe4 13. Nxe4 1/2-1/2